Statistiken für Mannschaften der Regionalliga 2023/24

Klicken Sie hier um das Quiz zu spielen!

Allgemein

  • Dieses Quiz wurde 60 mal gespielt
  • Das Durchschnittsergebnis liegt bei 53 aus 90

Antwortstatistiken

RegionalligaMannschaften% Korrekt
BayernFC Bayern München II⁠
91%
WestAlemannia Aachen
89%
NordostFC Energie Cottbus
87%
BayernFC Würzburger Kickers
84%
NordHamburger SV II⁠
82%
WestWuppertaler SV
82%
WestRot-Weiß Oberhausen
80%
Nordost1. FC Lokomotive Leipzig
78%
Bayern1. FC Nürnberg II⁠
78%
NordostChemnitzer FC
78%
NordostFC Carl Zeiss Jena
78%
NordostFC Rot-Weiß Erfurt
78%
BayernSpVgg Greuther Fürth II⁠
78%
WestFortuna Düsseldorf II⁠
76%
WestSC Fortuna Köln
76%
NordostBSG Chemie Leipzig
73%
SüdwestFC 08 Homburg
73%
BayernFC Augsburg II⁠
73%
WestFC Schalke 04 II⁠
73%
SüdwestKickers Offenbach
73%
NordVfB Oldenburg
73%
NordostFC Hansa Rostock II⁠
71%
SüdwestFSV Frankfurt
71%
BayernSpVgg Bayreuth
71%
NordSV Meppen
71%
West1. FC Düren
69%
Nord1. FC Phönix Lübeck
69%
NordFC St. Pauli II⁠
69%
NordHannover 96 II⁠
69%
SüdwestStuttgarter Kickers
69%
WestBorussia Mönchengladbach II⁠
67%
NordostHertha BSC II⁠
67%
NordSC Weiche Flensburg 08
67%
SüdwestTuS Koblenz
67%
West1. FC Köln II
64%
SüdwestEintracht Frankfurt II⁠
64%
NordostFSV Zwickau
64%
NordostGreifswalder FC
64%
SüdwestTSV Schott Mainz
64%
Südwest1. FSV Mainz 05 II⁠
62%
NordostSV Babelsberg 03
62%
BayernSV Wacker Burghausen
62%
NordostBFC Dynamo
60%
SüdwestKSV Hessen Kassel
60%
SüdwestSG Barockstadt Fulda-Lehnerz
60%
NordostZFC Meuselwitz
60%
West1. FC Bocholt
58%
Bayern1. FC Schweinfurt 05
58%
SüdwestVfB Stuttgart II⁠
58%
NordostBerliner AK 07
56%
BayernFC Eintracht Bamberg
56%
WestFC Gütersloh
56%
NordostFC Viktoria 1889 Berlin
56%
WestSC Paderborn 07 II
56%
WestSV Rödinghausen
56%
SüdwestVfR Aalen
56%
NordHolstein Kiel II⁠
53%
WestRot Weiss Ahlen
53%
SüdwestTSG 1899 Hoffenheim II⁠
53%
NordBremer SV
51%
NordFC Kilia Kiel
51%
BayernSV Viktoria Aschaffenburg
51%
BayernTürkgücü München
51%
NordFC Eintracht Norderstedt
49%
BayernFV Illertissen
49%
WestSSVg Velbert
49%
BayernDJK Vilzing⁠
47%
NordostFC Eilenburg
44%
NordSSV Jeddeloh II
44%
NordFC Teutonia 05 Ottensen
42%
SüdwestSGV Freiberg
42%
NordSV Drochtersen/Assel
42%
BayernTSV Aubstadt
42%
NordostVSG Altglienicke
42%
NordostFSV 63 Luckenwalde
40%
WestSC Wiedenbrück
40%
NordTSV Havelse
40%
SüdwestBahlinger SC
38%
WestFC Wegberg-Beeck
38%
NordSC Spelle-Venhaus
38%
WestSV Lippstadt 08
38%
SüdwestTSV Steinbach Haiger
38%
BayernFC Memmingen
36%
BayernSpVgg Ansbach 09
33%
BayernSV Schalding-Heining
33%
SüdwestTSG Balingen
33%
SüdwestFC Astoria Walldorf
31%
BayernTSV Buchbach
31%
NordBlau-Weiß Lohne
20%
NordEimsbütteler TV
20%

Verteilung der Resultate

Perzentil nach korrekt beantworteten Fragen

Anzahl Personen mit jedem Resultat

Ihre Resultats-Entwicklung

Sie haben dieses Quiz noch nicht gespielt